000
00312nam a2200145Ia 4500
100
_a
Bali/ S.P.
250
_a
3
942
_c
BK
654
_a
solid
245
_a
Solid state devices & Circuits
260
_b
Wiley & New age
_a
New Delhi
_c
1995
082
_a
621.381
_b
BAL
300
_a
375
546
_a
ENGLISH
999
_c
19393
_d
19393